Classical algebra & sequence and series / (Record no. 41530)

MARC details
000 -LEADER
fixed length control field 00636nam a22001937a 4500
005 - DATE AND TIME OF LATEST TRANSACTION
control field 20100813104517.0
010 ## - LCCN (DPL NO)
LC control number ENG-100171
020 ## - INTERNATIONAL STANDARD BOOK NUMBER
International Standard Book Number 9788190930123
Terms of availability 150.00
035 ## - SYSTEM CONTROL NUMBER
System control number EN-83703
037 ## - SOURCE OF ACQUISITION
Source of stock number/acquisition DBAD/PUB
082 ## - DEWEY DECIMAL CLASSIFICATION NUMBER
Classification number 512
100 ## - MAIN ENTRY--PERSONAL NAME
Personal name S. Anitha
245 ## - TITLE STATEMENT
Title Classical algebra & sequence and series /
Remainder of title by S. Anitha
260 ## - PUBLICATION, DISTRIBUTION, ETC. (IMPRINT)
Place of publication, distribution, etc Madurai
Name of publisher, distributor, etc Shanlax Computers
Date of publication, distribution, etc 2009
270 ## - ADDRESS
Address 61, T. P. K. Main Road Vasantha Nagar
City Madurai
Postal code 625003
300 ## - PHYSICAL DESCRIPTION
Extent 196 p.
Dimensions 19cm (Pbk)
942 ## - ADDED ENTRY ELEMENTS (KOHA)
Source of classification or shelving scheme Dewey Decimal Classification
Item type English Books
Classification part 512
Call number suffix SAN
Holdings
Withdrawn status Lost status Not for loan Collection code Home library Current library Date acquired Cost, normal purchase price Full call number Barcode Copy number Cost, replacement price Koha item type
    Not For Loan Non-fiction D.B.Act.Division D.B.Act.Division 13/08/2010 150.00 512 SAN EN-83703 1 150.00 English Books

© Delhi Public Library
Hit Counter
free hit counter